Pediatric behavioral medicine /

Bibliographic Details
Other Authors: Williams, Ben J., 1939-, Foreyt, John Paul, Goodrick, G. Ken
Format: Book
Language:English
Published: New York, N.Y. : Praeger, 1981.
Subjects:

MARC

Tag First Indicator Second Indicator Subfields
LEADER 00000cam a22000008a 4500
001 in00000072826
005 20151008054635.0
008 810417s1981 nyua b 00100 eng
010 |a  81005875  
020 |a 0030595991 :  |c $29.95 
035 |a (OCoLC)07463937 
035 |9 AAJ1248AM 
039 0 |a 2  |b 3  |c 3  |d 3  |e 3 
040 |a DLC  |c DLC  |d TXA  |d UtOrBLW 
049 |a TXAM  |c [1803998] 
050 0 0 |a RJ47.5  |b .P33 
060 0 |a WS 350.6 W721p 
082 0 |a 618.92/0001/9  |2 19 
245 0 0 |a Pediatric behavioral medicine /  |c edited by Ben J. Williams, John P. Foreyt, G. Ken Goodrick. 
263 |a 8109 
264 1 |a New York, N.Y. :  |b Praeger,  |c 1981. 
300 |a xi, 277 pages :  |b illustrations ;  |c 24 cm. 
336 |a text  |b txt  |2 rdacontent 
337 |a unmediated  |b n  |2 rdamedia 
338 |a volume  |b nc  |2 rdacarrier 
504 |a Includes bibliographies and index. 
650 0 |a Pediatrics  |x Psychological aspects. 
650 0 |a Sick children  |x Psychology. 
650 0 |a Behavior therapy. 
650 2 |a Behavior Therapy  |x In infancy and childhood. 
700 1 |a Williams, Ben J.,  |d 1939- 
700 1 |a Foreyt, John Paul. 
700 1 |a Goodrick, G. Ken. 
999 |a MARS 
999 f f |s d19a8849-8ad2-3bb9-a93d-7fc24b6cd6ef  |i b7781569-515b-37e1-8fb9-94dedddfec9b  |t 0 
952 f f |p ric  |a Texas A&M University  |b Rellis Campus  |c Joint Library Facility  |d Remote Storage  |t 0  |e RJ47.5 .P33  |h Library of Congress classification  |i unmediated -- volume  |m A14806232018 
998 f f |a RJ47.5 .P33  |t 0  |l Remote Storage